On This Day: November 22nd Quiz Stats

 Plays Quiz Updated Nov 22, 2017

Challenge
Share
Tweet
Embed
Score 0/7 Timer 03:00
1 Play Today
Question Answer Wrong Answers
US President John F. Kennedy is assassinated by Lee Harvey Oswald while traveling in a motorcade through this Texas city.
1963
Dallas
93.4%
San Antonio
1.2%
Houston
3.6%
El Paso
0.6%
Representing the Christian Democratic Union coalition, this woman is elected Chancellor of Germany, becoming the first female to hold the office.
2005
Angela Merkel
93.2%
Käte Strobel
2.3%
Sabine Lösing
1%
Ursula von der Leyen
1.3%
Famously dubbed, 'The White Album,' this band releases a self-titled album, their ninth, which immediately rises to the top of the US Billboard charts.
1968
The Beatles
89.6%
The Rolling Stones
5.3%
The Who
2.9%
The Replacements
0.4%
This film, produced by Pixar Animation Studios, is released and becomes the first fully computer-animated feature film.
1995
Toy Story
88.6%
The Incredibles
1.7%
Up
3%
Cars
4.5%
After being cornered by British sailors, this infamous pirate is killed in battle off the coast of North Carolina.
1718
Edward 'Blackbeard' Teach
77.5%
Captain Morgan
6.5%
Captain Kidd
10.7%
Sir Francis Drake
5.2%
This man becomes the youngest ever Heavyweight champion, at 20 years and 4 months, defeating Trevor Berbick with a second-round knockout.
1986
Mike Tyson
76.4%
Roberto Durán
2.4%
Sugar Ray Leonard
17.4%
Marvin Hagler
1.9%
Following a series of protests and the election of President Bechara El Khoury, this nation declares independence from French colonial rule.
1943
Lebanon
18.2%
Algeria
56.7%
Tunisia
20.8%
Oman
3.5%

Today's Daily Dose

You're not logged in!

Compare scores with friends on all Sporcle quizzes.
Join for Free
OR
Log In

You Might Also Like...

Show Comments

Extras

Top Quizzes Today


Score Distribution

Your Account Isn't Verified!

In order to create a playlist on Sporcle, you need to verify the email address you used during registration. Go to your Sporcle Settings to finish the process.

Report this User

Report this user for behavior that violates our Community Guidelines.

Details: